| 000 | 00728cam a2200229 a 4500 | ||
|---|---|---|---|
| 001 | 000018022 | ||
| 005 | 20200929165324.0 | ||
| 008 | 820420s1966 sp 000 0 spa | ||
| 035 | _a(DLC) 36028460 | ||
| 035 | _a(OCoLC)8354662 | ||
| 040 |
_aDO-SdBNP _bspa _cCU-S _dDLC _dBNPHU |
||
| 082 |
_a864.6 _bA996p, 1966 |
||
| 100 | 0 |
_aAzorín, _q(José Augusto Trinidad Martínez Ruiz), _d1873-1967. _914129 |
|
| 245 | 1 | 4 |
_aLos pueblos : _bensayos sobre la vida provinciana / _cAzorín. |
| 250 | _a9a ed. | ||
| 260 |
_aMadrid : _bBiblioteca Nueva, _c1966. |
||
| 300 |
_a207 p. ; _c20 cm. |
||
| 650 | 4 |
_aEnsayos españoles _93095 |
|
| 650 | 4 |
_aLiteratura española _ySIGLO XX _93326 |
|
| 910 | _aCatalogación derivada | ||
| 049 | _aBNGR | ||
| 999 |
_c17544 _d17544 |
||